000 00336nam a22001337a 4500
008 170424b xxu||||| |||| 00| 0 eng d
020 _a9780321695291
041 _aeng
080 _a547
100 _a12
101 _aSHM
245 _aLABORATORY MANUAL FOL GENERAL ORGANIC AND BIOLOGICAL CHEMIDTRY
_cBURCE.G
942 _2udc
_cBK
999 _c11755
_d11755